[Event "OBEM 2016"]
[Site "Germany , Bremen"]
[Date "2016.03.20"]
[Round "3.1"]
[White "Webner, Dennis"]
[Black "Jugelt, Tobias"]
[Result "0-1"]
[WhiteElo "2067"]
[BlackElo "2427"]
[PlyCount "84"]

1. d4 d5 2. Bf4 Nf6 3. e3 e6 4. Nd2 c5 5. c3 Nc6 6. Bd3 Bd6 7. Bxd6 Qxd6 8. f4
Bd7 9. Ngf3 cxd4 10. cxd4 Nb4 11. Bb1 Bb5 12. Ne5 Rc8 13. a3 Nc6 14. Qb3 a6 15.
Bd3 Bxd3 16. Qxd3 Ke7 17. O-O Rc7 18. g4 Nd7 19. Ndf3 f6 20. Nxd7 Kxd7 21. Rac1
Ne7 22. b4 h5 23. g5 Nf5 24. Rc5 b6 25. Rxc7+ Qxc7 26. e4 dxe4 27. Qxe4 Qc6 28.
Qe2 b5 29. Rd1 Rc8 30. Re1 Qd5 31. Rd1 Ke7 32. a4 Rc3 33. Rd3 Qc4 34. gxf6+
gxf6 35. d5 Qxd3 36. Qxe6+ Kd8 37. Qxf6+ Kc7 38. Qf7+ Kb8 39. Qe8+ Kb7 40. Qd7+
Rc7 41. Qe6 Rc1+ 42. Ne1 Qe3+ 0-1

[Event "OBEM 2016"]
[Site "Germany , Bremen"]
[Date "2016.03.20"]
[Round "3.2"]
[White "Buescher, Andre"]
[Black "Issing, Peter"]
[Result "1/2-1/2"]
[WhiteElo "2059"]
[BlackElo "2199"]
[PlyCount "45"]

1. d4 Nf6 2. c4 e6 3. Nc3 Bb4 4. e3 c5 5. Bd3 O-O 6. Nf3 d5 7. O-O Qe7 8. a3
Ba5 9. dxc5 Bxc3 10. bxc3 dxc4 11. Bxc4 Qxc5 12. Nd2 Nc6 13. a4 Rd8 14. Ba3 Qa5
15. Qc2 Bd7 16. Bd6 Qh5 17. Rab1 Ne5 18. Be7 Bxa4 19. Qxa4 Rxd2 20. Rxb7 h6 21.
h3 Nxc4 22. Qxc4 Nd5 23. Qb3 1/2-1/2

[Event "OBEM 2016"]
[Site "Germany , Bremen"]
[Date "2016.03.20"]
[Round "3.3"]
[White "Mueller, Wolfgang"]
[Black "Pienski, Olaf"]
[Result "1/2-1/2"]
[WhiteElo "2018"]
[BlackElo "2167"]
[PlyCount "123"]

1. e4 e5 2. Nf3 Nc6 3. c3 Nf6 4. d4 exd4 5. e5 Nd5 6. cxd4 Bb4+ 7. Bd2 Bxd2+ 8.
Qxd2 d6 9. Bb5 O-O 10. O-O Bg4 11. Bxc6 bxc6 12. Ng5 f6 13. exf6 Qxf6 14. Nc3
Nf4 15. Nge4 Qg6 16. Ng3 h5 17. f3 Bd7 18. Nce2 Nd5 19. Rac1 Rae8 20. Ne4 h4
21. Kh1 h3 22. Rg1 Rxe4 23. fxe4 hxg2+ 24. Rxg2 Qxe4 25. Ng3 Qh4 26. Re1 Rf4
27. Ne2 Rg4 28. Rxg4 Bxg4 29. Ng1 Bf5 30. Re8+ Kh7 31. Qe1 Qf4 32. h3 Nf6 33.
Qe3 Be4+ 34. Rxe4 Qxe4+ 35. Qxe4+ Nxe4 36. Kg2 Kg6 37. Kf3 Kf5 38. Ke3 Nf6 39.
Ne2 Nd5+ 40. Kf3 Nf6 41. h4 Ne4 42. b3 a6 43. Nf4 Nc3 44. a4 Nd5 45. Nh5 Kg6
46. Ng3 Kf6 47. Ke4 Ke6 48. a5 g6 49. Ne2 Kf6 50. Ng1 Kg7 51. Ne2 Kh6 52. Ng3
Nb4 53. Kf4 Nc2 54. Ne2 Kh5 55. Kg3 Ne3 56. Nf4+ Kh6 57. Ne6 {(=)} Nd5 58. Kg4
Ne3+ 59. Kf4 Nd5+ 60. Kg4 Ne3+ 61. Kf4 Nd5+ 62. Kg4 1/2-1/2

[Event "OBEM 2016"]
[Site "Germany , Bremen"]
[Date "2016.03.20"]
[Round "3.5"]
[White "Michael, Janfried"]
[Black "Sawadkuhi, Massoud Armin"]
[Result "0-1"]
[WhiteElo "1995"]
[BlackElo "2149"]
[PlyCount "64"]

1. e4 c5 2. c3 Nf6 3. e5 Nd5 4. d4 cxd4 5. cxd4 e6 6. Nf3 b6 7. Be2 Be7 8. O-O
Bb7 9. Nc3 O-O 10. Bd2 f5 11. Rc1 Nc7 12. Rc2 Nc6 13. a3 g5 14. Be3 g4 15. Ne1
Bg5 16. f4 Bh6 17. Bxg4 fxg4 18. Qxg4+ Bg7 19. Bf2 Qe8 20. Bh4 Nxd4 21. Bf6 Rf7
22. Rd2 Nf5 23. Qg5 Qf8 24. b4 Kh8 25. Nf3 Ne8 26. g4 Ne3 27. Re1 Nxf6 28. Rxe3
Bh6 29. Qh4 Bxf4 30. Red3 Bxd2 31. exf6 Bxc3 32. Ng5 Bxf6 0-1

[Event "OBEM 2016"]
[Site "Germany , Bremen"]
[Date "2016.03.20"]
[Round "3.6"]
[White "Gebur, Thomas"]
[Black "Boehning, Kilian"]
[Result "0-1"]
[WhiteElo "1859"]
[BlackElo "2141"]
[PlyCount "78"]

1. e4 e5 2. Nf3 Nc6 3. Bb5 a6 4. Ba4 Nf6 5. O-O Be7 6. Re1 b5 7. Bb3 d6 8. h3
O-O 9. d3 Na5 10. Nbd2 c5 11. c3 h6 12. Bc2 Re8 13. d4 Bf8 14. a4 Bd7 15. d5 g6
16. Nf1 Nh5 17. Be3 Nc4 18. Bc1 Qf6 19. axb5 axb5 20. Rxa8 Rxa8 21. Bd3 Nb6 22.
Ng3 Nf4 23. Bxf4 Qxf4 24. Nh2 h5 25. Nxh5 gxh5 26. Qxh5 Qh6 27. Qf3 Be7 28. Ng4
Qg5 29. Qd1 c4 30. Bc2 Bxg4 31. hxg4 Qf4 32. g5 Kg7 33. Re3 Rh8 34. Rg3 Nd7 35.
b4 cxb3 36. Bxb3 Nc5 37. Bc2 Bd8 38. Qe2 Nxe4 39. Bxe4 Qc1+ 0-1

[Event "OBEM 2016"]
[Site "Germany , Bremen"]
[Date "2016.03.20"]
[Round "3.7"]
[White "Balazs, Balint"]
[Black "Rosin, Julius"]
[Result "1/2-1/2"]
[WhiteElo "2101"]
[BlackElo "1996"]
[PlyCount "99"]

1. d4 d5 2. c4 e6 3. Nf3 Nf6 4. Nc3 Be7 5. e3 O-O 6. Bd3 b6 7. O-O Bb7 8. b3
Nbd7 9. Bb2 c5 10. Rc1 Rc8 11. cxd5 Nxd5 12. Nxd5 Bxd5 13. Qe2 Nf6 14. e4 Bb7
15. Rfd1 cxd4 16. Rxc8 Qxc8 17. Rc1 Qa8 18. e5 Nd5 19. Qe4 g6 20. Qxd4 Nb4 21.
Be2 Rd8 22. Qf4 Nd3 23. Bxd3 Rxd3 24. Ng5 Qe8 25. Ne4 Bxe4 26. Qxe4 Qd7 27. h3
Bc5 28. Rc2 Rd1+ 29. Kh2 Qd3 30. Qxd3 Rxd3 31. Bc1 Kf8 32. b4 Be7 33. Rc7 Rd5
34. Rxa7 Bxb4 35. Bg5 Rxe5 36. Bf6 Ra5 37. Rb7 Ra8 38. Rxb6 Be7 39. Bd4 Ke8 40.
Rb2 Bd6+ 41. g3 e5 42. Be3 Ke7 43. Kg2 Ke6 {(=)} 44. Kf3 Ra3 45. Ke2 f5 46. Bc1
f4 47. Rd2 f3+ 48. Kd1 Ra4 49. Rc2 Rd4+ 50. Rd2 1/2-1/2

[Event "OBEM 2016"]
[Site "Germany , Bremen"]
[Date "2016.03.20"]
[Round "3.8"]
[White "Margraf, Daniel"]
[Black "Heldt, Nils-Lennart"]
[Result "1/2-1/2"]
[WhiteElo "2219"]
[BlackElo "1928"]
[PlyCount "150"]

1. e4 e5 2. Nf3 Nc6 3. d4 exd4 4. Nxd4 Nf6 5. Nxc6 bxc6 6. e5 Qe7 7. Qe2 Nd5 8.
c4 Nb6 9. Nc3 Qe6 10. Bd2 a5 11. Qe4 Bb4 12. Bd3 d5 13. exd6 cxd6 14. O-O-O
Qxe4 15. Nxe4 O-O 16. Be3 Nd7 17. a3 Bc5 18. Nxc5 Nxc5 19. Bc2 Nb7 20. Ba4 Ra6
21. Bf4 Rd8 22. Rd4 Nc5 23. Bc2 d5 24. Bg3 Be6 25. Re1 Rc8 26. Red1 Raa8 27. b4
axb4 28. axb4 Nb7 29. c5 Ra7 30. Kb2 Rca8 31. Bb3 Rc8 32. Re1 h6 33. Be5 Nd8
34. Rdd1 Rb7 35. Kc3 Ra8 36. f3 Ra3 37. Bd4 Ra8 38. Ra1 Rba7 39. Rxa7 Rxa7 40.
g4 f6 41. h3 Kf7 42. f4 g6 43. Rb1 f5 44. Rg1 Ra8 45. gxf5 Bxf5 46. b5 Be4 47.
b6 Ne6 48. Re1 Ke7 49. Re2 Kd7 50. Be3 h5 {(=)} 51. Rb2 Ra3 52. Kd2 Kc8 53. Kc3
Ra5 54. Ra2 Rxa2 55. Bxa2 Kb7 56. h4 d4+ 57. Bxd4 Nxf4 58. Bc4 Bd5 59. Bxd5
cxd5 60. Be5 Ne6 61. Kb4 Kc6 62. Bd6 Nd8 63. Be7 Nb7 64. Ka4 d4 65. Kb4 Kd5 66.
Kb5 d3 67. c6 d2 68. cxb7 d1=Q 69. b8=Q Qf1+ 70. Ka4 Qc4+ 71. Bb4 Qc2+ 72. Kb5
Qc4+ 73. Ka4 Qc2+ 74. Ka3 Qc1+ 75. Kb3 Qc4+ 1/2-1/2

[Event "OBEM 2016"]
[Site "Germany , Bremen"]
[Date "2016.03.20"]
[Round "3.9"]
[White "Peters, Frank"]
[Black "Meyer, Irmin"]
[Result "1/2-1/2"]
[WhiteElo "2133"]
[BlackElo "1993"]
[PlyCount "112"]

1. c4 e5 2. Nc3 Nf6 3. g3 d5 4. cxd5 Nxd5 5. Bg2 Nb6 6. Nf3 Nc6 7. O-O Be7 8.
a3 Be6 9. b4 O-O 10. Rb1 a6 11. d3 f6 12. Be3 Nd5 13. Nxd5 Bxd5 14. Qc2 Qd7 15.
Rfc1 Rac8 16. Nd2 Bxg2 17. Kxg2 Qd5+ 18. Kg1 Rfd8 19. Qc4 Qxc4 20. Rxc4 Rd5 21.
a4 Kf7 22. b5 Na5 23. Rc2 axb5 24. axb5 c5 25. Ra1 b6 26. Nc4 Nxc4 27. dxc4 Rd7
28. Ra6 Rb8 29. f3 Rbb7 30. Kf2 Bd8 31. Ke1 Ke7 32. Rd2 Rxd2 33. Kxd2 Rd7+ 34.
Kc2 Bc7 35. Ra7 Ke6 36. Bf2 Bd8 37. Rxd7 Kxd7 38. Kd3 Ke6 39. e4 Bc7 40. Be3 g5
{(=)} 41. Ke2 h6 42. Kf2 Bd6 43. Kg2 Kf7 44. Kh3 Kg6 45. Kg4 h5+ 46. Kh3 Bc7
47. Kg2 f5 48. Bd2 fxe4 49. fxe4 Bd8 50. Bc3 Bf6 51. h3 Kf7 52. Kf3 Kg6 53. Bd2
Kf7 54. Be3 Be7 55. Bd2 Ke6 56. Bc3 Bf6 1/2-1/2

[Event "OBEM 2016"]
[Site "Germany , Bremen"]
[Date "2016.03.20"]
[Round "3.10"]
[White "Zhong, Xianghui"]
[Black "Kardoeus, David"]
[Result "0-1"]
[WhiteElo "1765"]
[BlackElo "2110"]
[PlyCount "48"]

1. d4 Nf6 2. c4 Nc6 3. Nc3 e5 4. d5 Ne7 5. e4 Ng6 6. a3 Bc5 7. g3 d6 8. h3 O-O
9. b4 Bd4 10. Nge2 Nxe4 11. Nxe4 Bxa1 12. Be3 Bf5 13. Nxd6 cxd6 14. Qxa1 Be4
15. Rg1 f5 16. Nc3 Bf3 17. Bd3 f4 18. Bd2 e4 19. Bc2 e3 20. fxe3 fxg3 21. Ne2
Bxe2 22. Kxe2 Rf2+ 23. Kd1 Qh4 24. Be1 Qxc4 0-1

[Event "OBEM 2016"]
[Site "Germany , Bremen"]
[Date "2016.03.20"]
[Round "3.11"]
[White "Pautz, Peter"]
[Black "Grieme, Jens"]
[Result "1/2-1/2"]
[WhiteElo "2066"]
[BlackElo "1921"]
[PlyCount "67"]

1. d4 d5 2. Nf3 Nf6 3. c4 c6 4. cxd5 cxd5 5. Nc3 Nc6 6. g3 h6 7. Bg2 Bf5 8. O-O
a6 9. Ne5 e6 10. Nxc6 bxc6 11. b3 Bd6 12. Bb2 c5 13. dxc5 Bxc5 14. Rc1 Be7 15.
Qd4 O-O 16. Rfd1 Rc8 17. Na4 Rxc1 18. Rxc1 Qb8 19. Qc3 Qa7 20. Qc7 Ra8 21. Nb6
Qxc7 22. Rxc7 Rb8 23. Rxe7 Rxb6 24. Bxf6 gxf6 25. Ra7 Bb1 26. a3 Rxb3 27. Rxa6
Rb2 28. Bf1 Ba2 29. Kg2 Bc4 30. Ra8+ Kg7 31. e3 Rb1 32. Bxc4 dxc4 33. Rc8 Ra1
34. Rxc4 1/2-1/2

[Event "OBEM 2016"]
[Site "Germany , Bremen"]
[Date "2016.03.20"]
[Round "3.12"]
[White "Steingraeber, Kai Uwe"]
[Black "Kuenitz, Bernhard"]
[Result "1-0"]
[WhiteElo "2147"]
[BlackElo "1877"]
[PlyCount "39"]

1. d4 d5 2. c4 dxc4 3. Nf3 Nf6 4. e3 e6 5. Bxc4 Nc6 6. O-O Be7 7. a3 a6 8. b4
b5 9. Bd3 Bb7 10. Qc2 Rc8 11. Nbd2 h6 12. Bb2 Qd5 13. Rac1 Qh5 14. Ne4 Nd8 15.
Ng3 Qd5 16. Qe2 Nc6 17. Rfd1 O-O 18. Bb1 Qd8 19. Qc2 g6 20. Nh4 1-0

[Event "OBEM 2016"]
[Site "Germany , Bremen"]
[Date "2016.03.20"]
[Round "3.13"]
[White "Hoffer, Hayo"]
[Black "Lorenzen, Bjoern"]
[Result "0-1"]
[WhiteElo "1847"]
[BlackElo "2030"]
[PlyCount "68"]

1. d4 d5 2. Nf3 Nf6 3. Bf4 c6 4. c3 Bf5 5. e3 Nbd7 6. Bd3 Bxd3 7. Qxd3 Nh5 8.
Be5 Nxe5 9. Nxe5 e6 10. O-O f6 11. Qe2 g6 12. Nd3 f5 13. Ne5 Bg7 14. f4 Nf6 15.
Nd2 O-O 16. Ndf3 Ne4 17. Rac1 {(=)} Rc8 18. c4 dxc4 19. Qxc4 Qe7 20. Rfd1 Rfd8
21. Nd2 Nxd2 22. Rxd2 Rd5 23. b3 Rcd8 24. Rdd1 g5 25. g3 c5 26. Kf2 gxf4 27.
gxf4 Qh4+ 28. Kg2 Bxe5 29. fxe5 Kh8 30. Qc2 cxd4 31. exd4 Rxd4 32. Rxd4 Qxd4
33. Re1 Rg8+ 34. Kf3 Qd5+ 0-1

[Event "OBEM 2016"]
[Site "Germany , Bremen"]
[Date "2016.03.20"]
[Round "3.14"]
[White "Meyer, Thorsten"]
[Black "Sommer, Andreas"]
[Result "1-0"]
[WhiteElo "1982"]
[BlackElo "1821"]
[PlyCount "73"]

1. e4 c5 2. Nf3 d6 3. d4 cxd4 4. Nxd4 Nf6 5. f3 a6 6. Be3 Qa5+ 7. Qd2 Qxd2+ 8.
Nxd2 Nc6 9. O-O-O Bd7 10. Nc4 g6 11. Nb6 Rd8 12. Nxd7 Nxd7 13. Nxc6 bxc6 14.
Bxa6 Bg7 15. Be2 Rb8 16. b3 c5 17. a4 O-O 18. Bb5 Rfd8 19. Kd2 f5 20. Bc4+ Kh8
21. exf5 gxf5 22. Be6 Ne5 23. Bxf5 c4 24. Rb1 d5 25. Ke2 d4 26. Bf4 Ra8 27.
Rhd1 Ng6 28. Bc7 Rf8 29. Be4 Ra6 30. a5 Rc8 31. Bb6 cxb3 32. cxb3 Nf4+ 33. Kf1
Rb8 34. b4 Rbxb6 35. axb6 Rxb6 36. b5 e5 37. Rdc1 1-0

[Event "OBEM 2016"]
[Site "Germany , Bremen"]
[Date "2016.03.20"]
[Round "3.15"]
[White "Niefuend, Michael"]
[Black "Buhrdorf, Axel"]
[Result "0-1"]
[WhiteElo "1795"]
[BlackElo "1974"]
[PlyCount "80"]

1. d4 e6 2. Nf3 d5 3. Bf4 Nf6 4. e3 Nbd7 5. Bd3 Bd6 6. Nbd2 Bxf4 7. exf4 c5 8.
c3 O-O 9. Ng5 Qb6 10. Ndf3 Qxb2 11. Rc1 Qxa2 12. Ne5 h6 13. h4 Ne4 14. Bxe4
dxe4 15. Nxe4 Qd5 16. f3 Nxe5 17. fxe5 cxd4 18. cxd4 Rd8 19. Nd6 b6 20. Rc7 Bd7
21. O-O Be8 22. f4 Rd7 23. Rc3 f5 24. h5 a5 25. g4 Re7 26. gxf5 Bc6 27. Rxc6
Qxc6 28. fxe6 Qd5 29. f5 a4 30. Qg4 a3 31. f6 Qxe6 32. Nf5 Kh8 33. fxe7 Qg8 34.
Nxh6 gxh6 35. Rf8 Rxf8 36. exf8=Q Qxf8 37. Qd1 Qg8+ 38. Kh2 a2 39. d5 Qg5 40.
e6 Qe5+ 0-1

[Event "OBEM 2016"]
[Site "Germany , Bremen"]
[Date "2016.03.20"]
[Round "3.16"]
[White "Erofeev, Anastasia"]
[Black "Nancheva, Doroteya"]
[Result "1-0"]
[WhiteElo "1947"]
[BlackElo "1796"]
[PlyCount "57"]

1. e4 e5 2. Nf3 Nc6 3. Bc4 Nf6 4. Ng5 d5 5. exd5 Na5 6. Bb5+ c6 7. dxc6 bxc6 8.
Bd3 h6 9. Ne4 Be7 10. Nbc3 O-O 11. Nxf6+ Bxf6 12. O-O Qd4 13. Qe2 Rb8 14. b3 c5
15. Qe4 Qxe4 16. Nxe4 Be7 17. Ba3 Nb7 18. Bc4 Bf5 19. d3 Kh8 20. Rae1 f6 21. f4
exf4 22. Rxf4 Bg6 23. Bd5 Rfc8 24. Nc3 Bd6 25. Ra4 Be5 26. Ne4 a5 27. Bxb7 Rxb7
28. Kh1 Bd4 29. Nd6 1-0

[Event "OBEM 2016"]
[Site "Germany , Bremen"]
[Date "2016.03.20"]
[Round "3.17"]
[White "Ficken, Hartmut"]
[Black "Ditmas, Hugh"]
[Result "0-1"]
[WhiteElo "1714"]
[BlackElo "1933"]
[PlyCount "92"]

1. e4 c5 2. f4 Nc6 3. Nf3 g6 4. c3 Bg7 5. d3 d6 6. Be3 Nf6 7. Be2 O-O 8. O-O
Qc7 9. Nh4 Rb8 10. f5 b5 11. Nd2 Nd7 12. fxg6 fxg6 13. Ndf3 Nde5 14. Nxe5 Rxf1+
15. Bxf1 Nxe5 16. Be2 Be6 17. h3 b4 18. c4 Nc6 19. Qd2 Rf8 20. Nf3 a5 21. Bh6
Nd4 22. Bxg7 Nxf3+ 23. Bxf3 {(=)} Kxg7 24. b3 Bxh3 25. Kf2 Bg4 26. Rh1 h5 27.
Qg5 e5 28. Kg3 Bxf3 29. gxf3 Qf7 30. Rf1 Qf4+ 31. Qxf4 exf4+ 32. Kh4 Kf6 33.
Rg1 Re8 34. Rg2 Re5 35. Rd2 Rg5 36. d4 Rg1 37. Kh3 Rg3+ 38. Kh2 Rxf3 39. dxc5
dxc5 40. Rd5 Rf2+ 41. Kg1 Rxa2 42. Rxc5 Ra3 43. Rb5 Rxb3 44. Rxa5 Rc3 45. c5
Ke5 46. Rb5 Kxe4 0-1

[Event "OBEM 2016"]
[Site "Germany , Bremen"]
[Date "2016.03.20"]
[Round "3.18"]
[White "Jung, Gerald"]
[Black "Sinnhoefer, Jonas"]
[Result "1-0"]
[WhiteElo "1929"]
[BlackElo "1690"]
[PlyCount "99"]

1. Nc3 Nf6 2. g4 Nxg4 3. e4 d6 4. Be2 Nf6 5. d4 Nc6 6. Be3 e5 7. d5 Ne7 8. Qd2
Ng4 9. Bg5 h6 10. Bh4 g5 11. Bg3 Ng6 12. f3 Nf6 13. h4 Nh5 14. Bf2 Nhf4 15.
O-O-O a6 16. hxg5 Qxg5 17. Bf1 Be7 18. Be3 h5 19. Nh3 Bxh3 20. Bxh3 Qh6 21.
Rdg1 Bg5 22. Kd1 f6 23. Bf5 Nh4 24. Rxh4 Bxh4 25. Rg6 Qf8 26. Bxf4 exf4 27. Ne2
Bg5 28. Nd4 h4 29. Ne6 Qf7 30. Rg7 Qxg7 31. Nxg7+ Kf7 32. Ne6 h3 33. Qc3 c5 34.
Qa5 Rac8 35. Qb6 Rce8 36. Bxh3 Rxh3 37. Qxb7+ Re7 38. Qc8 Rh7 39. Qf8+ Kg6 40.
Qg8+ Kh5 41. Nxf4+ Bxf4 42. Qg4+ Kh6 43. Qxf4+ Kg6 44. Qxd6 Rd7 45. Qxc5 Ra7
46. Qg1+ Kh6 47. f4 Rhg7 48. Qh2+ Kg6 49. c4 Rae7 50. d6 1-0

[Event "OBEM 2016"]
[Site "Germany , Bremen"]
[Date "2016.03.20"]
[Round "3.19"]
[White "Rieping, Heiner"]
[Black "Weinitschke, Harald"]
[Result "1-0"]
[WhiteElo "1922"]
[BlackElo "1678"]
[PlyCount "53"]

1. e4 c5 2. Nf3 d6 3. d4 cxd4 4. Nxd4 Nf6 5. Nc3 a6 6. Be3 g6 7. f3 Bg7 8. Qd2
Nbd7 9. g4 e5 10. Nb3 b5 11. Qxd6 Bf8 12. Qd2 Bg7 13. O-O-O O-O 14. h4 Bb7 15.
g5 Nh5 16. Qxd7 Qxd7 17. Rxd7 Rab8 18. Ba7 Bc6 19. Rd6 Rbc8 20. Bh3 Rfd8 21.
Rhd1 Rxd6 22. Rxd6 Ra8 23. Be3 Be8 24. Nd5 Bf8 25. Rb6 Ra7 26. Rb8 Bd7 27. Bxa7
1-0

[Event "OBEM 2016"]
[Site "Germany , Bremen"]
[Date "2016.03.20"]
[Round "3.20"]
[White "Beinke, Lukas"]
[Black "Proske, Matthias"]
[Result "1-0"]
[WhiteElo "1886"]
[BlackElo "1666"]
[PlyCount "93"]

1. e4 c5 2. Nf3 d6 3. d4 cxd4 4. Nxd4 Nf6 5. Nc3 a6 6. Bg5 g6 7. Bxf6 exf6 8.
Qd2 Bg7 9. Bc4 O-O 10. O-O Nc6 11. Nxc6 bxc6 12. Rad1 f5 13. Qxd6 Qxd6 14. Rxd6
fxe4 15. Rxc6 Bb7 16. Rb6 Rab8 17. Rd1 Ba8 18. Rb3 a5 19. Rd7 Rb4 20. Bb5 Rd4
21. Rxd4 Bxd4 22. Ne2 Ba7 23. Kf1 Rd8 24. Ke1 Kg7 25. Rc3 Bb8 26. Rc4 f5 27.
Bc6 Rc8 28. Bd5 Rxc4 29. Bxc4 Kf6 30. g3 g5 31. Nc3 Ke5 32. Ke2 h5 33. a3 f4
34. Bf7 f3+ 35. Kd2 h4 36. Nd1 Ba7 37. b4 axb4 38. axb4 Bd5 39. Bxd5 Kxd5 40.
Ne3+ Ke5 41. c3 hxg3 42. hxg3 Kd6 43. c4 Bd4 44. Nf5+ Ke5 45. Nxd4 Kxd4 46. b5
Kc5 47. Ke3 1-0

[Event "OBEM 2016"]
[Site "Germany , Bremen"]
[Date "2016.03.20"]
[Round "3.21"]
[White "Zimmermann, Erik"]
[Black "Hochhuth, Arnd"]
[Result "1/2-1/2"]
[WhiteElo "1626"]
[BlackElo "1882"]
[PlyCount "43"]

1. e4 c5 2. Nc3 Nc6 3. Nf3 g6 4. Bb5 Bg7 5. O-O Nf6 6. Bxc6 bxc6 7. Re1 O-O 8.
b3 d5 9. Rb1 e6 10. Ba3 Qa5 11. Bb2 Ba6 12. e5 Nd7 13. d4 cxd4 14. Qxd4 c5 15.
Qh4 Rab8 16. a3 Qc7 17. Qg3 Bc8 18. a4 a6 19. h4 h5 20. Bc1 Rb4 21. Bf4 Bb7 22.
Na2 1/2-1/2

[Event "OBEM 2016"]
[Site "Germany , Bremen"]
[Date "2016.03.20"]
[Round "3.22"]
[White "Sausmikat, Armin"]
[Black "Gerken, Juergen"]
[Result "1/2-1/2"]
[WhiteElo "1879"]
[BlackElo "1630"]
[PlyCount "73"]

1. e4 d5 2. exd5 Qxd5 3. Nc3 Qa5 4. d4 c6 5. Bc4 Bf5 6. Nf3 e6 7. O-O Nf6 8.
Bf4 Nbd7 9. a3 Be7 10. b4 Qd8 11. h3 h6 12. Re1 O-O 13. Qd2 Nd5 14. Nxd5 cxd5
15. Bb3 Rc8 16. Rac1 b5 17. Qe2 Bf6 18. Qxb5 Nb6 19. Qe2 Nc4 20. Bxc4 Rxc4 21.
c3 Qc8 22. Qb2 Kh7 23. Bd6 Rg8 24. Bc5 Bg5 25. Nxg5+ hxg5 26. g4 Be4 27. Qe2
Qc7 28. Qe3 Kg6 29. Rf1 Rh8 30. f4 f5 31. gxf5+ Bxf5 32. Qg3 Rh5 33. h4 g4 34.
Rf2 Kh7 35. Rh2 Kg8 36. Qf2 Rh6 37. Qg3 1/2-1/2

[Event "OBEM 2016"]
[Site "Germany , Bremen"]
[Date "2016.03.20"]
[Round "3.23"]
[White "Dietrich, Igor"]
[Black "Bensmann, Jannis"]
[Result "0-1"]
[WhiteElo "1865"]
[BlackElo "1566"]
[PlyCount "68"]

1. e4 e5 2. Nf3 d6 3. Nc3 Nc6 4. Bc4 Bg4 5. d3 Be7 6. Be3 Qd7 7. h3 Bh5 8. g4
Bg6 9. Nd5 O-O-O 10. Bb5 h5 11. g5 h4 12. Bxa7 Bh5 13. Be3 f5 14. gxf6 Nxf6 15.
Qe2 Rdf8 16. d4 Nxe4 17. Nxe7+ Qxe7 18. Bxc6 Bxf3 19. Qb5 bxc6 20. Qa6+ Kd7 21.
d5 cxd5 22. Rg1 Rf5 23. Qa4+ Ke6 24. Qb3 c5 25. Rg6+ Rf6 26. Bg5 Rxg6 27. Qxf3
Qxg5 28. Rd1 Qg1+ 29. Ke2 Qxf2+ 30. Qxf2 Nxf2 31. Kxf2 Rf8+ 32. Ke3 Rg3+ 33.
Kd2 Rf2+ 34. Kc1 Rgg2 0-1

[Event "OBEM 2016"]
[Site "Germany , Bremen"]
[Date "2016.03.20"]
[Round "3.24"]
[White "Kastens, Elmar"]
[Black "Bergmann, Reinhold"]
[Result "1-0"]
[WhiteElo "1905"]
[BlackElo "1860"]
[PlyCount "61"]

1. e4 c5 2. Nf3 Nc6 3. Bb5 Nf6 4. e5 Nd5 5. Nc3 Nxc3 6. dxc3 e6 7. Bf4 Be7 8.
Qd2 O-O 9. O-O a6 10. Bxc6 bxc6 11. Rad1 a5 12. Rfe1 Ra7 13. Bg5 f6 14. exf6
gxf6 15. Bh6 Rf7 16. Rxe6 d6 17. Ree1 d5 18. c4 Rd7 19. cxd5 cxd5 20. Qf4 Bd6
21. Qh4 Rb7 22. Qh5 Rbd7 23. g3 Bf8 24. Bxf8 Rxf8 25. Nh4 Rd6 26. Nf5 Bxf5 27.
Qxf5 Rf7 28. Re2 Qd7 29. Qh5 c4 30. Rde1 Kf8 31. Qh6+ 1-0

[Event "OBEM 2016"]
[Site "Germany , Bremen"]
[Date "2016.03.20"]
[Round "3.25"]
[White "Kohlscheen, Jens"]
[Black "Boehm, Karl"]
[Result "1-0"]
[WhiteElo "1620"]
[BlackElo "1852"]
[PlyCount "73"]

1. e4 c5 2. c3 d6 3. d4 cxd4 4. cxd4 Nf6 5. Nc3 e6 6. Nf3 Be7 7. Bc4 Qc7 8. Bb3
a6 9. O-O O-O 10. Bf4 Nc6 11. Rc1 Qa5 12. Re1 Rd8 13. d5 Na7 14. Bd2 Re8 15.
dxe6 Bxe6 16. Nd5 Qd8 17. Nc7 Nc6 18. Nxe8 Qxe8 19. Bxe6 fxe6 20. Qb3 Qd7 21.
Bc3 h6 22. Rcd1 Kh8 23. Ne5 Nxe5 24. Bxe5 Ng4 25. Bc3 b5 26. h3 Nf6 27. Bxf6
gxf6 28. e5 d5 29. exf6 Bxf6 30. Qe3 Kg7 31. Rc1 Bxb2 32. Qg3+ Kf8 33. Rc7 Qe8
34. Qf4+ Kg8 35. Qxh6 Rc8 36. Rxe6 Qd8 37. Qh7+ 1-0

[Event "OBEM 2016"]
[Site "Germany , Bremen"]
[Date "2016.03.20"]
[Round "3.26"]
[White "Klemm, Robert"]
[Black "Kropp, Joachim"]
[Result "1/2-1/2"]
[WhiteElo "1852"]
[BlackElo "1750"]
[PlyCount "102"]

1. d4 d5 2. Nf3 Nf6 3. g3 Bf5 4. Bg2 Nbd7 5. O-O e6 6. c4 dxc4 7. Qa4 c5 8. Rd1
Qb6 9. Ne5 cxd4 10. Nxc4 Qb4 11. Qxb4 Bxb4 12. Rxd4 Rc8 13. Bxb7 Rc7 14. Ba6 e5
15. Rd1 O-O 16. Ne3 Bh3 17. a3 Be7 18. Nc3 Nc5 19. Bc4 Be6 20. Ned5 Nxd5 21.
Nxd5 Bxd5 22. Bxd5 Rd8 23. Be3 Rcd7 24. Bxc5 Bxc5 25. e4 Bd4 26. Rd2 Kf8 27.
Rc1 f5 28. Rdc2 fxe4 29. Bxe4 g6 30. b4 Kg7 31. a4 Rb8 32. Rc7 Rxc7 33. Rxc7+
Kh6 34. h4 Rxb4 35. Bc2 Bb6 36. Rf7 Rc4 37. Bd1 Rd4 38. Be2 Rxa4 39. g4 Bxf2+
40. Kxf2 Rf4+ 41. Rxf4 exf4 42. g5+ Kg7 43. Kf3 a5 44. Bb5 Kf7 45. Kxf4 Kg7 46.
Ke5 Kg8 47. Kf6 Kh8 48. Bc4 a4 49. Ba2 a3 50. Bb3 h6 51. Kxg6 hxg5 1/2-1/2

[Event "OBEM 2016"]
[Site "Germany , Bremen"]
[Date "2016.03.20"]
[Round "3.27"]
[White "Steingraeber, Hans-Joachim"]
[Black "Traetmar, Mattis"]
[Result "0-1"]
[WhiteElo "1561"]
[BlackElo "1848"]
[PlyCount "98"]

1. d4 Nf6 2. Nf3 g6 3. e3 d5 4. c4 Bg7 5. Nc3 O-O 6. c5 Nc6 7. Bb5 Bg4 8. h3
Bxf3 9. gxf3 Qd7 10. f4 a6 11. Be2 Ne8 12. Qb3 e6 13. Bd2 Rb8 14. h4 b6 15.
cxb6 Rxb6 16. Qa3 Bxd4 17. exd4 Nxd4 18. O-O-O Nd6 19. Bd3 Nf3 20. h5 d4 21.
Na4 Rc6+ 22. Nc5 Nb7 23. b4 Qd5 24. hxg6 Nxc5 25. gxf7+ Rxf7 26. bxc5 Rxc5+ 27.
Kb2 {(=)} Nxd2 28. Rhg1+ Kh8 29. Rxd2 Ra5 30. Qb3 Qxb3+ 31. axb3 Rxf4 32. Rh1
h5 33. b4 Rg5 34. Bxa6 Rgf5 35. Kb3 {(=)} Kg7 36. Bd3 Rg5 37. Kc4 e5 38. Be2
Kg6 39. b5 h4 40. Kd5 d3 41. Kc6 Rc4+ 42. Kd5 Rd4+ 43. Kc5 dxe2 44. Rxe2 Kf6
45. Rh3 Rg1 46. Rc3 h3 47. f3 Rh4 48. Re4 Rxe4 49. fxe4 h2 0-1

[Event "OBEM 2016"]
[Site "Germany , Bremen"]
[Date "2016.03.20"]
[Round "3.28"]
[White "Bilau, Max"]
[Black "Hentrop, Malte"]
[Result "1/2-1/2"]
[WhiteElo "1511"]
[BlackElo "1847"]
[PlyCount "59"]

1. d4 d5 2. Nf3 Nf6 3. Bg5 Nbd7 4. e3 e6 5. c4 c6 6. Nc3 Be7 7. Rc1 O-O 8. c5
Nh5 9. Bxe7 Qxe7 10. Be2 Nhf6 11. O-O e5 12. b4 Ne4 13. Nxe4 dxe4 14. Nxe5 Nxe5
15. dxe5 Qxe5 16. Qb3 Be6 17. Bc4 Bxc4 18. Qxc4 Rfd8 19. Rfd1 Qe7 20. Qc2 f5
21. Rxd8+ Rxd8 22. Rd1 Rd7 23. Qb3+ Kf8 24. Kf1 Qd8 25. Ke2 Rxd1 26. Qxd1 Qxd1+
27. Kxd1 Ke7 28. Kd2 Ke6 29. Kc3 Kd5 30. a3 1/2-1/2

[Event "OBEM 2016"]
[Site "Germany , Bremen"]
[Date "2016.03.20"]
[Round "3.29"]
[White "Laubrock, Sophia"]
[Black "Bruening, Martin"]
[Result "1/2-1/2"]
[WhiteElo "1550"]
[BlackElo "1777"]
[PlyCount "46"]

1. d4 d5 2. c4 e6 3. Nc3 Nf6 4. Bg5 Nbd7 5. e3 Be7 6. Nf3 O-O 7. Bd3 b6 8. O-O
dxc4 9. Bxc4 Bb7 10. Rc1 Ne4 11. Bxe7 Qxe7 12. Nxe4 Bxe4 13. Bd3 Bxd3 14. Qxd3
c5 15. Rc2 cxd4 16. Qxd4 Rac8 17. Rfc1 Rxc2 18. Rxc2 Nf6 19. Qc4 Rd8 20. h3 h6
21. Qc7 Qxc7 22. Rxc7 Rd1+ 23. Kh2 Rd7 1/2-1/2

[Event "OBEM 2016"]
[Site "Germany , Bremen"]
[Date "2016.03.20"]
[Round "3.30"]
[White "Schwenke, Stefan"]
[Black "Kueck, Alexander"]
[Result "1-0"]
[WhiteElo "1714"]
[BlackElo "1331"]
[PlyCount "69"]

1. e4 e5 2. Nc3 Nf6 3. g3 Be7 4. Bg2 O-O 5. Nge2 c6 6. d4 exd4 7. Nxd4 a6 8.
O-O d6 9. Be3 Nbd7 10. Nf5 Ne5 11. Nxe7+ Qxe7 12. Qe2 Be6 13. b3 h6 14. Rad1
Rfd8 15. h3 d5 16. f4 Nxe4 17. Nxe4 dxe4 18. fxe5 Bd7 19. Bb6 Rdc8 20. Qxe4 g6
21. Qe2 Be6 22. Qd2 Kg7 23. Qf4 Bf5 24. Be3 Rh8 25. Rd2 Be6 26. Qf6+ Qxf6 27.
exf6+ Kh7 28. Rfd1 b5 29. Bxc6 Rac8 30. Bd7 Rc3 31. Rd3 Rxc2 32. Bxe6 fxe6 33.
Rd7+ Kg8 34. Rg7+ Kf8 35. Rd8# 1-0